000 01206nam a2200277 a 4500
001 BRCA_3453
005 20190320204306.0
041 _aspa
044 _asp
084 _a742
_b.R53
_c1792
100 1 _aRibero y Larrea, Alonso Bernardo
_99028
245 1 0 _aHistoria fabulosa del distinguido caballero Don Pelayo Infanzón de la Vega, Quixote de la Cantabria
_bpor Don Alonso Bernardo Ribero y Larrea.
260 _aMadrid
_bViuda de Ibarra
_c1792-93
300 _a2 v.
_c17 cm.
500 _aContenido : v.1 Dedicatoria del autor al excelentísimo Señor D. Diego Fernández de Velasco... Prólogo del autor. Texto. -- v.2. Texto
500 _aEs una sátira contra la manía nobiliaria a que parecen estar predispuestos los asturianos. Piel; lomeras decoradas con dorados Lúdovik Osterc
500 _aCon ex-libris de : Holland House
500 _aQMB34
650 1 4 _aNovela española
_yÉpoca clásica, 1500-1700
_9215
650 1 4 _aLiteratura española
_yÉpoca clásica, 1500-1700
_9216
650 1 4 _aNovela española
_ySiglo XVII
_9217
650 1 4 _aDon Quijote (Personaje ficticio)
_eNovela
_9218
740 0 _aEl Ingenioso Hidalgo Don Quijote de la Mancha
902 _aQFM
942 _2lcc
_cB
999 _c3189
_d3189